UBT Library

WHY WE RUN (Record no. 59219)

000 -LEADER
fixed length control field 00298nam a22001457a 4500
008 - FIXED-LENGTH DATA ELEMENTS--GENERAL INFORMATION
fixed length control field 221221b ||||| |||| 00| 0 eng d
020 ## - INTERNATIONAL STANDARD BOOK NUMBER
International Standard Book Number 0060958707
041 ## - LANGUAGE CODE
Language code of text/sound track or separate title eng
080 ## - UNIVERSAL DECIMAL CLASSIFICATION NUMBER
Universal Decimal Classification number 30
082 ## - DEWEY DECIMAL CLASSIFICATION NUMBER
Classification number 30HEI
100 ## - Rafti
Rafti 25
101 ## - Shkurtesa
Shkurtesa PSI
245 ## - TITLE STATEMENT
Title WHY WE RUN
Statement of responsibility, etc HEINRICH B
942 ## - ADDED ENTRY ELEMENTS (KOHA)
Source of classification or shelving scheme
Item type Books
Holdings
Withdrawn status Lost status Source of classification or shelving scheme Damaged status Not for loan Collection code Permanent location Current location Date acquired Total Checkouts Full call number Barcode Date last seen Price effective from Koha item type
          Koleksioni i përgjithshem UBT - Lipjan UBT - Lipjan 12/21/2022   30HEI 002-8000287002601235 12/21/2022 12/21/2022 Books
          Koleksioni i përgjithshem UBT - Lipjan UBT - Lipjan 12/21/2022   30HEI 002-8000287002601236 12/21/2022 12/21/2022 Books
          Koleksioni i përgjithshem UBT - Lipjan UBT - Lipjan 12/21/2022   30HEI 002-8000287002601237 12/21/2022 12/21/2022 Books
UBT Library © 2015-2024. All rights reserved University Education for Business and Technology